000 01893nam1a2200301 4500
001 RU\NLR\BIBL_A\011307996
005 20260316151918.0
010 _a978-5-7262-1793-2
035 _a(NLR Aleph) 011307996
090 _a11006700
_c11006700
100 _a20260322 rusy50
101 0 _arus
102 _aRU
105 _a||||z||||||||
200 1 _aФизическое материаловедение
_eучебник для студентов высших учебных заведений, обучающихся по направлению "Ядерные физика и технологии"
_eв 7 т.
_fпод общ. ред. Б.А. Калина
_gМ-во образования и науки Рос. Федерации, Федер. гос. автоном. образоват. учреждение высш. проф. образования Нац. исслед. ядер. ун-т "МИФИ", Топлив. компания Росатома ТВЭЛ
205 _aИзд. 2-е, перераб.
210 _aМосква
_cНациональный исследовательский ядерный университет "МИФИ"
_d2012
215 _d20
300 _aНа обл.: НИЯУ МИФИ 70 лет, 1942-2012
606 1 _aМатериалы
_xФизико-механические свойства
_jУчебники для высших учебных заведений
_2nlr_sh2
_3RU\NLR\auth\66658116
686 1 _aЖ306.2я73-1
702 1 _aКалин
_bБ. А.
_f1935-2021
_gБорис Александрович
_3RU\NLR\AUTH\7730559
_4340
712 0 2 _a"МИФИ", национальный исследовательский ядерный университет
_cМосква
_3RU\NLR\AUTH\8810152245
_4570
852 _aNLR
_j2017-3/347
942 _cBOOK
980 _aNB